Fruits

Detalles Bibliográficos
Formato: Electrónico Revista
Lenguaje:inglés
Publicado: Les Ulis : EDP Sciences
Materias:
Acceso en línea:Full text available from Research Library: 07/01/2006 to 11/30/2016

MARC

LEADER 00000nas a2200000 a 4500
001 ssj0016348
003 WaSeSS
005 20200512172242.0
006 m d
007 cr n
008 980401c19789999fr br pss 0 a0eng c
010 |a  2011233827 
015 |a GBB404753  |2 bnb 
016 7 |a 2027853-6  |2 DE-600 
016 7 |a 016586922  |2 Uk 
022 |a 1625-967X  |l 0248-1294  |y 0248-1294 
035 |a (WaSeSS)ssj0016348 
040 |a OH1  |b eng  |c OH1  |d OCL  |d OCLCQ  |d GUA  |d OCLCQ  |d OCLCO  |d OCLCF  |d OCLCO  |d OCLCQ  |d DEFHM  |d OCLCO  |d OCLCA  |d NLE  |d AU@  |d UKMGB  |d VT2  |d WaSeSS 
042 |a pcc 
050 1 4 |a SB354 
130 0 |a Fruits (Paris, France : 1978 : Online) 
210 1 |a Fruits  |b (En ligne) 
222 0 |a Fruits  |b (En ligne) 
245 1 0 |a Fruits  |h [electronic resource]. 
260 |a Les Ulis :  |b EDP Sciences 
310 |a Bimonthly 
362 1 |a Print began with vol. 33, no. 1 (janv. 1978). 
506 |a License restrictions may limit access. 
538 |a Mode of access: World Wide Web. 
588 |a Description based on: Vol. 51, issue 5 (Sept. 10, 1997); title from general information screen (viewed Mar. 31, 1998). 
588 |a Latest issue consulted: Vol. 65, issue 6 (Nov./Dec. 2010) (publisher's Web site, viewed Feb. 21, 2011). 
650 0 |a Fruit-culture  |v Periodicals. 
650 7 |a Fruit-culture.  |2 fast  |0 (OCoLC)fst00935739 
650 7 |a Gartenbau  |2 gnd 
650 7 |a Zeitschrift  |2 gnd 
650 7 |a Online-Ressource  |2 gnd 
650 7 |a Obstbau  |2 gnd 
651 7 |a Mediterrane Subtropen  |2 gnd 
651 7 |a Tropen  |2 gnd 
655 0 |a Electronic journals. 
776 0 8 |i Print version:  |t Fruits (Paris, France : 1978)  |x 0248-1294  |w (DLC)sn 97015419  |w (OCoLC)37362649 
856 4 0 |z Full text available from Research Library: 07/01/2006 to 11/30/2016  |u https://search.proquest.com/publication/616448